[Event "Moscow Open RSSU Cup 2020"]
[Site "Moscow"]
[Date "2020.01.27"]
[Round "3.5"]
[White "Savitskiy, Sergey"]
[Black "Lintchevski, Daniil"]
[Result "0-1"]
[WhiteElo "2416"]
[BlackElo "2536"]
[Annotator "TA"]
[PlyCount "44"]
[EventDate "2020.01.25"]
[EventType "swiss"]
[EventCountry "RUS"]
[SourceTitle "playchess.com"]
[Source "ChessBase"]
[SourceQuality "1"]

{[%evp 17,44,1,6,-19,21,7,18,10,16,-2,-14,-13,-11,-28,19,-23,-12,-16,-20,-59,-66,-47,-60,-77,-79,-92,-96,-29997,-29998]} 1. e4 c6 2. Nc3 d5 3. Nf3 dxe4 4. Nxe4 Nf6 5. Nxf6+ exf6 6. d4 Bd6 7. Be2 O-O 8. O-O Re8 9. Be3 Nd7 10. d5 {B15: Caro-Kann: 3 Nc3: 3...g6 and 3...dxe4 4 Nxe4 Nf6 5 Nxf6+ exf6} (10. c4 Nf8 11. h3 Ng6 12. Bd3 Be6 13. Qd2 Qd7 14. Bxg6 hxg6 15. Rac1 Bxh3 16. gxh3 Qxh3 17. Bf4 Qg4+ 18. Bg3 Bxg3 19. fxg3 Qxg3+ {1-0 (47) Suta,A (2277)-Lyell,M (2234) Djenovici 2019}) 10... c5 $146 ({Predecessor:} 10... cxd5 11. Qxd5 Nb6 12. Qd2 Be6 13. Bf4 Bc4 14. Bxc4 Nxc4 15. Qc1 Be5 16. Bxe5 fxe5 17. b3 e4 {0-1 (54) Budnikova,V (1906)-Nasybullina,A (2149) St Petersburg 2016}) 11. Nd2 Qc7 12. h3 {The position is equal.} Nb6 13. Nc4 Nxc4 14. Bxc4 Bf5 15. Bd3 Be4 16. Bxe4 Rxe4 17. Qf3 Rae8 18. Bd2 Qe7 $1 19. Bc3 b5 {[%cal Bb7b5,Bb5b4][%mdl 32]} 20. b3 b4 21. Bb2 Re2 22. Rfc1 $2 {[%mdl 8192] [#]} (22. Rac1 $17) 22... Re1+ $1 {[%mdl 576] Back Rank. Accuracy: White = 19%, Black = 67%.} 0-1

[Event "Moscow Open RSSU Cup 2020"]
[Site "Moscow"]
[Date "2020.01.27"]
[Round "3.6"]
[White "Triapishko, Alexandr"]
[Black "Babarykin, Stanislav"]
[Result "1/2-1/2"]
[WhiteElo "2510"]
[BlackElo "2409"]
[Annotator "TA"]
[PlyCount "41"]
[EventDate "2020.01.25"]
[EventType "swiss"]
[EventCountry "RUS"]
[SourceTitle "playchess.com"]
[Source "ChessBase"]
[SourceQuality "1"]

{[%evp 18,41,0,6,40,22,22,6,39,29,40,18,20,27,38,14,60,52,55,0,46,0,63,0,21,0]} 1. Nf3 d5 2. g3 g6 3. Bg2 Bg7 4. d4 Nf6 5. O-O O-O 6. c4 c6 7. b3 c5 8. Bb2 dxc4 9. bxc4 cxd4 10. Nxd4 Nbd7 {A49: 1 d4 Nf6 2 Nf3 g6 3 g3: Anti-King's Indian systems} (10... Nc6 11. Nxc6 bxc6 12. Nd2 Bg4 13. Bxc6 Rc8 14. Bf3 Bxf3 15. exf3 Qd3 16. Rc1 Rfd8 17. Bc3 Bh6 18. f4 {½-½ (28) Shankland,S (2722)-Svidler,P (2756) Hoogeveen 2018}) 11. Na3 a6 $146 ({Predecessor:} 11... Nc5 12. Nb3 Nfe4 13. Bxg7 Kxg7 14. Qc2 f5 15. Nb5 Qb6 16. Nc3 Qf6 17. Nd5 Qd6 18. Rad1 {1-0 (63) Ellner,I-Brailsford,J USA 1998}) 12. Rc1 Nc5 13. Nb3 Qc7 14. Nxc5 Qxc5 15. Qd4 Qa5 {[#] And now ...Nh5 would win.} 16. Qe5 (16. Qc3 $5 {[%cal Rc3a5]} Qh5 17. Nc2 $14) 16... Qb4 {Hoping for ...Ne8.} 17. Qc3 Qc5 18. Qe5 Qb4 19. Qc3 Qc5 $1 20. Qe5 Qb4 $1 {[#] Strongly threatening ...Ne8.} 21. Qc3 1/2-1/2

[Event "Moscow Open RSSU Cup 2020"]
[Site "Moscow"]
[Date "2020.01.27"]
[Round "3.7"]
[White "Truskavetsky, Alexandr"]
[Black "Lobanov, Sergei"]
[Result "0-1"]
[WhiteElo "2398"]
[BlackElo "2507"]
[Annotator "TA"]
[PlyCount "50"]
[EventDate "2020.01.25"]
[EventType "swiss"]
[EventCountry "RUS"]
[SourceTitle "playchess.com"]
[Source "ChessBase"]
[SourceQuality "1"]

{[%evp 10,50,38,-2,19,23,20,20,16,12,15,8,30,17,105,93,73,80,108,92,194,180,191,175,175,182,218,222,466,437,909,898,966,850,178,-230,-221,-231,-217,-594,-438,-1153,-495]} 1. c4 e5 2. g3 Nc6 3. Bg2 Nf6 4. Nc3 Bb4 5. Nd5 Bc5 6. a3 a6 {A25: English Opening vs King's Indian with ...Nc6 but without early d3} (6... a5 7. e3 d6 8. Ne2 O-O 9. O-O Ba7 10. Nxf6+ Qxf6 11. Nc3 Qd8 12. Qc2 Ne7 13. f4 c6 14. f5 {0-1 (24) Lopez Martinez,J (2555)-Balogh,C (2632) Barcelona 2013}) 7. e3 d6 8. Ne2 O-O {The position is equal.} 9. b4 Ba7 10. Bb2 Bf5 11. Rc1 Bd3 $146 (11... Nxd5 $11 {keeps the balance.} 12. cxd5 Ne7) ({Predecessor:} 11... Re8 12. Nxf6+ Qxf6 13. b5 axb5 14. cxb5 Na5 15. Rxc7 {½-½ (48) Veen,H (2492)-Nightingale,D (2492) England 1999}) 12. Nxf6+ $16 Qxf6 {[#]} 13. Nf4 $1 {[%cal Rf4d3][%mdl 576] Pin} Bf5 (13... exf4 14. Bxf6) 14. b5 $36 {[%mdl 2048] White is on the roll.} axb5 (14... Ne7 $16 {might work better.}) 15. cxb5 $18 Na5 16. Nd5 Qd8 17. Rxc7 Bd3 18. Qg4 {Black must now prevent b6.} Bxb5 $2 (18... Kh8 19. f4 Nc4) 19. Be4 {Hoping for Ne7+.} ({Weaker is} 19. Ne7+ Kh8 $16) 19... g6 (19... Nc4 $142) 20. Ne7+ Kh8 21. Qg5 {[%cal Rg5f6]} Rg8 {[#]} 22. Bxe5+ $4 {[%mdl 8192]} (22. f4 $1 $18 {[%cal Rf4e5] was the only winning move.} Bxe3 23. Nxg8 Qxg5 24. fxg5) 22... dxe5 $19 23. Qxe5+ Rg7 {And now ...Nc4! would win.} 24. Bxg6 $2 (24. Rc8 Rxc8 25. Nxc8 Qxc8 26. Qxb5) 24... Nc4 (24... hxg6 25. Qf6 $11) 25. Qxb5 (25. Rxc4 $142 Bxc4 26. Bxf7 Bxf7 27. Nf5 {[%mdl 64] Pin}) 25... Qxc7 {Accuracy: White = 54%, Black = 19%.} (25... Qxd2+ $142 26. Kf1 {[#]} Nxe3+ $1 {[%mdl 512]} 27. fxe3 fxg6) 0-1

[Event "Moscow Open RSSU Cup 2020"]
[Site "Moscow"]
[Date "2020.01.27"]
[Round "3.8"]
[White "Zakhartsov, Vladimir"]
[Black "Bykov, Egor"]
[Result "0-1"]
[WhiteElo "2507"]
[BlackElo "2384"]
[Annotator "TA"]
[PlyCount "100"]
[EventDate "2020.01.25"]
[EventType "swiss"]
[EventCountry "RUS"]
[SourceTitle "playchess.com"]
[Source "ChessBase"]
[SourceQuality "1"]

{[%evp 15,134,-10,-4,-18,-15,-6,-4,-15,-5,-4,-4,-7,4,-7,0,-12,90,94,81,81,85,88,93,65,96,105,101,78,75,49,362,358,337,-58,0,0,143,-12,-7,-13,0,0,0,0,0,-56,118,83,144,0,0,0,0,0,0,0,0,0,0,0,22,0,0,0,0,-67,-109,-109,-117,-110,-74,-74,-76,-60,0,-35,0,-64,-45,-45,-49,-80,-76,-126,-62,-54,-46,-83,-41,-45,-6,-142,-143,-220,-214,-246,-282,-288,-269,-272,-204,-402,-404,-648,-631,-1287,-1259,-1149,-1107,-2622,-1988,-2126,-1571,-3408,-1424,-29981,-29982,-29989,-29990,-29990,-29991]} 1. d4 Nf6 2. c4 e6 3. Nf3 d5 4. g3 dxc4 5. Qa4+ Nbd7 6. Qxc4 a6 7. Bg2 b5 8. Qc6 Ra7 9. a4 {E03: Open Catalan: 5 Qa4+ Nbd7 6 Qxc4} Bb7 10. Qc2 b4 11. O-O {The position is equal.} c5 12. Be3 {[%cal Rd4c5]} Be4 13. Qd1 Rc7 14. Nbd2 $146 ({Predecessor:} 14. dxc5 Bxc5 15. Bxc5 Nxc5 16. Qxd8+ Kxd8 {0-1 (39) Khoroshev,N (2335)-Barsov,A (2524) Tashkent 2014}) 14... Bd5 15. Re1 {Threatening Bf4.} Qa8 (15... Bd6 $11) 16. Bf4 $16 Rc8 17. e4 $1 {[%cal Re4d5]} Nxe4 18. Nxe4 Bxe4 19. Rxe4 Qxe4 20. Ne5 $36 {[%mdl 2048] Keeping Black busy.} Qxd4 21. Qe2 $1 {[%cal Re2a6]} Nxe5 22. Rd1 $1 {[%cal Rd1d4]} Qc4 $2 {[%mdl 8192]} (22... Qxd1+ $14 23. Qxd1 Ng6) 23. Qxe5 $18 {Threatening mate with Bc6+!} f6 24. Qe1 $2 (24. Qh5+ $1 $18 g6 25. Qf3) 24... Kf7 (24... Be7 $15 25. Bf1 Qb3 26. Bxa6 Rd8 27. Rxd8+ Kxd8) 25. Bf1 $11 Qb3 (25... Qc2 $11) 26. Bxa6 $2 ({White has to play} 26. Rd7+ $1 $16 Ke8 27. Rd3) 26... Be7 27. Rd3 $1 {[%cal Rd3b3]} Qc2 {And now ...Rcd8 would win.} (27... Qxb2 $6 28. Bc4 $1 $16 {[%mdl 512]}) 28. Rd2 $1 {[%cal Rd2c2]} Qf5 {White must now prevent ...Rcd8.} ({Not} 28... Qxa4 $2 29. Bc4 $1 $18 {[%mdl 512]}) 29. Bd3 $1 {[%cal Rd3f5]} Qd5 30. Bb5 (30. Ba6 $11 Qa8 31. Bc4 $1 {[%mdl 512]}) 30... Qf3 $2 (30... Qa8 $1 $15 {stays ahead.}) 31. Bc4 $1 $16 {[%mdl 1024] White has strong compensation.} Rc6 32. Re2 ({Better is} 32. Rd3 $16 Qh5 33. Qe4) 32... Qg4 $11 {[#]} 33. f3 $1 {[%mdl 512]} Qf5 {Threatens to win with ...g5.} (33... Qxf3 34. Rxe6) 34. Re4 $1 h5 $1 35. Qe2 g5 36. g4 hxg4 37. fxg4 Qg6 38. Bg3 {[%cal Re4e6]} Rd8 {aiming for ...Rd2!} 39. Bxe6+ Kf8 {Hoping for ...c4!} 40. Bc4 (40. Bf5 $11 Qf7 41. Qb5 Rd1+ 42. Kg2 Rd2+ 43. Kg1) 40... Rd4 $15 41. Re3 ({Avoid the trap} 41. Rxe7 $2 Rxc4 42. Re3 Qf7 $19) 41... Qb1+ $1 42. Kg2 Qd1 43. Qxd1 Rxd1 44. b3 Bd8 ({Black should try} 44... Rc1 $15) 45. Bb5 Rb6 46. Re2 (46. Kf3 $11) 46... Rb7 47. Bf2 Be7 48. Ra2 Bd6 49. Be2 Rb1 ({Black should play} 49... Rc1 $1 $17 50. a5 Ra7) 50. Bc4 $1 Rc1 {Played: Rb7-a7} 0-1

[Event "Moscow Open RSSU Cup 2020"]
[Site "Moscow"]
[Date "2020.01.27"]
[Round "3.9"]
[White "Krapivin, Alexander"]
[Black "Matinian, Nikita"]
[Result "0-1"]
[WhiteElo "2394"]
[BlackElo "2496"]
[Annotator "TA"]
[PlyCount "88"]
[EventDate "2020.01.25"]
[EventType "swiss"]
[EventCountry "RUS"]
[SourceTitle "playchess.com"]
[Source "ChessBase"]
[SourceQuality "1"]

{[%evp 11,88,0,0,-2,0,0,0,-5,-1,-5,-6,-8,18,8,39,37,40,46,74,52,57,56,74,65,78,65,36,0,-16,-7,0,0,0,0,791,-100,1529,-188,742,-89,-91,-162,-165,-149,-154,-189,-180,-206,-166,-157,-159,-139,-148,-365,-381,-361,-156,-204,0,-366,-356,-412,-385,-529,-404,-282,-17,-12,-13,-542,-535,-535,-535,-527,-521,-521,-515,-558,-551]} 1. Nf3 Nf6 2. g3 g6 3. Bg2 Bg7 4. O-O O-O 5. d3 d6 6. e4 e5 7. Bg5 {A05: Réti Opening: 1 Nf3 Nf6} (7. Re1 Nbd7 8. c3 b6 9. d4 Bb7 10. d5 Nc5 11. Qc2 c6 12. c4 cxd5 13. cxd5 Rc8 14. Nc3 a5 {½-½ (42) Amin,B (2710)-Grischuk,A (2771) St Petersburg 2018}) 7... h6 8. Bd2 Be6 9. Nc3 {The position is equal.} c5 $146 ({Predecessor:} 9... Nc6 10. Nh4 d5 11. h3 Nd4 12. Ne2 c5 13. c3 Nxe2+ 14. Qxe2 dxe4 15. dxe4 {½-½ (23) Opasiak,D (1767)-Mix,C (1767) Hamburg 2017}) 10. Qc1 Kh7 $1 11. Nd5 Bxd5 12. exd5 e4 13. dxe4 Nxe4 14. Bf4 Qb6 15. c3 (15. Qe3 $5 {[%cal Re3e4]} f5 16. g4 $14) 15... Nd7 {[%cal Bb8d7,Bd7f6,Bf6g4][%mdl 32]} 16. Qc2 Rae8 17. Rfe1 f5 18. Nh4 {Strongly threatening g4.} Ndf6 19. g4 (19. Rad1 $14) 19... Nxg4 $11 20. Bxe4 fxe4 21. Rxe4 Rxe4 22. Qxe4 Qb5 $2 {[%mdl 8192]} (22... Qxb2 $11 23. Rf1 Rf6) 23. b4 $2 (23. Qxg6+ $18 Kh8 24. Qxg4) 23... Qxb4 $2 {[%mdl 8192]} (23... Qe8 $17 24. Re1 Qxe4 25. Rxe4 Nf6 {[%mdl 64] Double Attack}) 24. Re1 $4 {[%mdl 8192]} (24. cxb4 $18 {and life is good for White.} Nxf2 25. Qxg6+ Kh8 26. Bxh6 Nh3+ {[#]} 27. Kh1 $1 {[%mdl 512]} Nf2+ 28. Kg2 $1 {[%mdl 512]}) 24... Qb2 $4 {[%mdl 8192]} (24... Qxc3 25. Qxg6+ Kh8 26. Qb1 $11) (24... Qxe4 $19 25. Rxe4 Ne5 26. Bxe5 Bxe5) 25. Rf1 $2 (25. Qxg6+ $18 Kg8 26. Qxg4 Qxc3 27. Qe6+ Rf7 28. Bxd6) 25... Rf6 $17 26. f3 (26. Bg3 $17 {was necessary.} h5 27. c4) 26... Ne5 $1 $19 27. Bxe5 dxe5 28. Rb1 Qxc3 29. Rxb7 Qd4+ 30. Kg2 c4 31. Rc7 c3 32. Rc4 $2 (32. Kg3 $17) 32... Qd2+ 33. Kh3 Rd6 (33... Qxa2 34. Rxc3 Qa1 35. Rc6 $15) (33... Qg5 $19 {And now ...Rf4 would win.} 34. Qb1 Rf4 35. Rxf4 exf4) 34. Nf5 Rf6 $2 (34... gxf5 $2 35. Qxf5+ Rg6 36. Rg4 $18) (34... Rxd5 35. Nxg7 Kxg7 36. Rc7+ Kf6 37. Qh4+ Qg5 38. Rc6+ Kf7 39. Rc7+ Ke8 40. Qxg5 $11) (34... Rb6 35. Nh4 (35. Nxg7 Rb2 36. Qxg6+ Kxg6 37. Rc6+ Kxg7 38. Rc4 Kg6 39. Rc6+ Kf5 40. Rf6+ Kxf6 41. Kh4 Qxh2+ 42. Kg4 h5#) 35... Rd6) 35. Nh4 $1 ({Don't blunder} 35. Nxg7 $2 Rf4 $19) 35... Qg5 {aiming for ...Rf4.} ({Not} 35... Qxa2 36. Rxc3 Qa1 37. Rc6 $15) 36. Rxc3 Rf4 {[%mdl 64] Double Attack} 37. Qe1 e4 {( -> ...exf3)} 38. Rc4 e3 $2 ({Less strong is} 38... Qxd5 39. Rxe4 Rf7 40. Qb1 $17) (38... exf3 39. Rxf4 Qxf4 40. Qe6 $15) (38... Qh5 $19 39. Rxe4 Rxf3+ 40. Kg2 Rd3) 39. Rxf4 $11 Qxf4 40. d6 $2 {[%mdl 8192]} (40. Qb1 $1 $11 {and White has nothing to worry.}) 40... Bf6 $19 {Black is clearly winning.} (40... Be5 $2 41. Qg1 $19) 41. d7 {[#] intending Qg3.} e2 $1 {[%mdl 576] Deflection} 42. Qxe2 Qxh4+ 43. Kg2 Qg5+ 44. Kf1 Qd5 {Accuracy: White = 44%, Black = 41%.} 0-1

[Event "Moscow Open RSSU Cup 2020"]
[Site "Moscow"]
[Date "2020.01.27"]
[Round "3.10"]
[White "Tekeyev, Zaur"]
[Black "Drygalov, Sergey"]
[Result "1-0"]
[WhiteElo "2384"]
[BlackElo "2477"]
[Annotator "TA"]
[PlyCount "131"]
[EventDate "2020.01.25"]
[EventType "swiss"]
[EventCountry "RUS"]
[SourceTitle "playchess.com"]
[Source "ChessBase"]
[SourceQuality "1"]

{[%evp 9,131,17,21,0,6,6,14,-1,0,-13,18,0,16,18,29,12,17,16,29,18,29,7,14,15,8,0,20,-13,50,70,65,65,48,48,49,51,49,20,21,22,87,85,82,81,85,0,0,0,0,0,0,0,7,-22,0,-22,-35,-22,-20,-54,-33,-73,-68,-66,-71,-72,-60,-60,-60,-58,-54,-55,-55,-54,-19,-27,-17,-25,-25,-71,0,-58,0,0,0,0,0,0,0,0,0,0,0,0,0,0,0,0,0,0,0,0,0,0,0,0,0,0,0,0,0,0,0,0,0,-51,-49,-39,-43,-202,-47,-304,1000,957]} 1. e4 c5 2. Nf3 d6 3. Bb5+ Nd7 4. a4 Ngf6 5. Nc3 a6 6. Bc4 {B51: Sicilian: Moscow Variation (3 Bb5+) without 3...Bd7} (6. Be2 b6 7. d4 cxd4 8. Qxd4 e6 9. O-O Bb7 10. Rd1 Be7 11. e5 Bxf3 12. exd6 Bxe2 13. dxe7 Qxe7 14. Nxe2 {½-½ (43) Bosiocic,M (2619)-Volokitin,A (2627) Batumi 2019}) 6... e6 7. O-O Be7 8. a5 {The position is equal.} O-O 9. Re1 Qc7 10. d3 b5 11. axb6 $1 Nxb6 12. Ba2 $146 ({Predecessor:} 12. Bb3) 12... Bb7 13. Bf4 Nfd7 14. Qd2 Bf6 15. Rab1 Bc6 16. Ne2 a5 17. Ng3 Ne5 18. Nh5 Nbd7 ({Black should try} 18... Nxf3+ $11 19. gxf3 Kh8) 19. Nxf6+ $14 Nxf6 20. Nxe5 dxe5 21. Be3 Bb5 22. Qc3 Rfc8 23. Bc4 Bxc4 24. Qxc4 Ne8 {[#]} (24... a4 $11) 25. b3 $1 $16 Nd6 26. Qa4 Qb7 27. c4 (27. Ra1 $16) 27... Qc7 $11 28. Ra1 Nb7 29. Bd2 Rd8 30. Re3 f6 31. Kf1 Rd6 32. Bc3 Qd8 33. Ke2 Rb6 34. g3 Qe7 35. Kd2 Nd8 36. Ke2 Nc6 37. Kf1 Rab8 38. Rb1 Qb7 39. Re2 Rd8 40. Rd2 f5 41. f3 fxe4 42. fxe4 Qf7+ 43. Rf2 Qd7 44. Rf3 Rf8 ({Better is} 44... g5 $17) 45. Rxf8+ Kxf8 46. Rd1 Kg8 47. Kg2 Rb8 48. Rf1 Qb7 49. Rf2 Qd7 50. Rf3 h6 51. Qa3 Qd6 52. Qa4 Kh7 53. Qa3 Nd4 54. Bxd4 $1 Qxd4 {[%mdl 4096] Endgame KQR-KQR} 55. Kh3 Ra8 56. Qa4 Qd6 57. Qb5 Qc7 58. Qa4 Rb8 59. Kg2 Qd8 60. Kh3 Rb4 61. Qc6 Qe7 62. Qc8 ({White should play} 62. Qa8 $11) 62... Rxb3 $15 63. Rf8 $1 Rxd3 64. Rh8+ Kg6 {...Kh5 is the strong threat.} 65. Qg8 $2 {[%mdl 8192]} (65. Re8 $15 Qd7 66. Qxd7 Rxd7 67. Rxe6+ Kf7 68. Ra6) 65... Qf7 $4 {[%mdl 8192] [#]} (65... Re3 $19 66. Qb8 Kh5 67. Qxe5+ g5) 66. Rxh6+ $1 {[%mdl 576] Pin. Accuracy: White = 57%, Black = 71%.} 1-0

[Event "Moscow Open RSSU Cup 2020"]
[Site "Moscow"]
[Date "2020.01.27"]
[Round "3.11"]
[White "Bulavin, Alexander"]
[Black "Golubov, Saveliy"]
[Result "0-1"]
[WhiteElo "2310"]
[BlackElo "2469"]
[Annotator "TA"]
[PlyCount "80"]
[EventDate "2020.01.25"]
[EventType "swiss"]
[EventCountry "RUS"]
[SourceTitle "playchess.com"]
[Source "ChessBase"]
[SourceQuality "1"]

{[%evp 9,80,-18,-11,-11,-2,-14,-7,-31,-24,-28,-30,-42,-24,-30,-21,-47,-49,-49,-61,-62,-41,-52,-25,-50,-50,-68,-64,-71,-64,-85,-72,-75,-73,-71,-72,-69,-29,-47,-20,-3,-6,-7,-11,-7,0,0,0,0,0,0,0,0,93,78,121,93,120,0,0,0,0,0,0,-187,-193,-188,-148,-173,-174,-12841,-12840,-12841,-12841]} 1. Nf3 g6 2. d4 Bg7 3. c3 Nf6 4. Bg5 O-O 5. Bxf6 (5. Nbd2 d6 6. e4 c5 7. dxc5 dxc5 8. Bc4 Qc7 9. O-O Nc6 10. Qe2 h6 11. Bxf6 exf6 12. Nh4 Kh7 13. f4 b6 14. Rad1 Bb7 15. Bd5 Rae8 16. Qf2 Ne7 17. Bxb7 Qxb7 18. e5 fxe5 {1-0 (40) Harikrishna,P (2731)-Nepomniachtchi,I (2773) Kolkata 2019}) 5... Bxf6 6. Nbd2 {A48: 1 d4 Nf6 2 Nf3 g6: Torre, London and Colle Systems} d6 7. g3 e5 $146 ({Predecessor:} 7... Nd7 8. Bg2 c5 9. O-O Rb8 10. a4 b6 11. e4 a6 12. Re1 Qc7 13. b4 b5 {½-½ (75) Schueller,E (2235)-Klima,C Austria 1991}) 8. Bg2 {The position is equal.} Nc6 {[%cal Re5d4]} 9. e3 Bg7 10. Qb3 Qe7 11. O-O Kh8 12. Qa3 e4 13. Ne1 $1 f5 $36 {[%mdl 2048] Black is pushing.} 14. Nc2 Bd7 15. Rfe1 Qf6 16. Rac1 g5 17. Qb3 Rab8 18. Nb4 Ne7 19. Nd5 Nxd5 20. Qxd5 c6 21. Qa5 d5 22. f4 exf3 23. Nxf3 f4 24. exf4 gxf4 25. Qc7 ({But not} 25. Qxa7 $2 fxg3 26. Re2 Bh6 $19) 25... Bf5 {Black wants to play ...fxg3.} 26. gxf4 Be4 27. Ng5 Bxg2 28. Kxg2 Qf5 {Hoping for ...h6.} 29. Re3 Rbc8 30. Qe7 Rf6 (30... h6 $11 {remains equal.} 31. Qe6 c5) 31. Rg3 ({Don't play} 31. Qxb7 $6 Rg8 $11) 31... Rg8 32. Rf1 h6 {[#]} 33. Nh3 (33. Qe5 $1 $16) 33... Re6 $11 34. Qxb7 Re2+ 35. Nf2 Qxf4 36. Qxc6 $2 (36. Kg1 $11) 36... Rf8 $19 {[%cal Re2f2]} 37. Qxd5 Rxf2+ 38. Rxf2 Qxf2+ {[%mdl 64] [#] Double Attack} 39. Kh3 $2 (39. Kh1) 39... Rf5 40. Qa8+ Bf8 {Accuracy: White = 47%, Black = 57%.} 0-1

[Event "Moscow Open RSSU Cup 2020"]
[Site "Moscow"]
[Date "2020.01.27"]
[Round "3.12"]
[White "Kozionov, Kirill"]
[Black "Suleymenov, Alisher"]
[Result "1/2-1/2"]
[WhiteElo "2466"]
[BlackElo "2382"]
[Annotator "TA"]
[PlyCount "94"]
[EventDate "2020.01.25"]
[EventType "swiss"]
[EventCountry "RUS"]
[SourceTitle "playchess.com"]
[Source "ChessBase"]
[SourceQuality "1"]

{[%evp 16,94,37,33,52,44,50,5,20,0,0,0,18,24,20,-20,-14,-14,-14,-14,-12,-16,0,0,0,0,12,6,37,4,13,7,75,29,34,27,19,30,24,19,29,25,31,0,0,0,0,0,0,0,0,0,0,0,0,0,0,0,0,0,0,0,0,0,0,0,0,0,0,0,0,0,0,0,0,0,0,0,0,0,0]} 1. d4 Nf6 2. c4 g6 3. g3 c5 4. d5 b5 5. cxb5 a6 6. bxa6 Bg7 7. Nc3 O-O 8. Bg2 d6 9. Nf3 Nbd7 {[%cal Bb8d7,Bd7b6,Bb6c4][%mdl 32] A58: Benko/Volga Gambit: Lines with 5 bxa6} 10. O-O Nb6 11. Ne1 (11. e4 Bxa6 12. Re1 Nfd7 13. Qc2 Nc4 14. Bf4 Qa5 15. Rec1 Rfb8 16. Rab1 Rb7 17. Nd2 Nce5 18. Bf1 c4 19. b3 cxb3 20. Nxb3 Qd8 21. Bxa6 Rxa6 {½-½ (47) Socko,B (2618)-Giri,A (2769) Moscow 2019}) 11... Nfd7 12. Nc2 Nc4 13. Ne3 Nde5 $146 ({Predecessor:} 13... Ndb6 14. Nxc4 Nxc4 15. Qc2 Bxa6 16. Bd2 Qa5 17. Rfb1 Nxd2 18. Qxd2 {1-0 (77) Schaffer,H (2236)-Kersten,U (2245) Germany 2017}) 14. b3 Qa5 15. bxc4 Qxc3 16. Bd2 Qa3 17. Rc1 Bd7 18. Qe1 Ng4 19. Nd1 Qxa2 20. h3 Nf6 21. e4 Rfb8 22. Ne3 Nh5 23. Bc3 Bd4 (23... Qxa6 $11 24. Bxg7 Nxg7) 24. Ra1 (24. e5 $5) 24... Qb3 25. Bxd4 cxd4 26. Ng4 Qxc4 27. e5 {[#] And now exd6 would win.} Rxa6 28. Rc1 Qb4 29. Qe4 dxe5 {The position is equal.} 30. Nxe5 {Hoping for Rb1.} Nf6 31. Qf4 d3 32. Qxb4 Rxb4 33. Nxd3 Rd4 34. Ne5 Bb5 35. Rc8+ Kg7 36. Rb1 Ba4 37. Nc6 Rd2 38. Nxe7 Bd7 39. Rcc1 Raa2 40. Rf1 Nh5 {[#] Strongly threatening ...Nxg3!} 41. Kh2 Rxf2 42. Rxf2 Rxf2 43. Rb7 Ba4 44. Nc6 Nf6 {...Nxd5 is the strong threat.} 45. Ne5 Be8 46. Kg1 Rd2 47. Rb8 Ba4 {Accuracy: White = 79%, Black = 68%.} 1/2-1/2

[Event "Moscow Open RSSU Cup 2020"]
[Site "Moscow"]
[Date "2020.01.27"]
[Round "3.13"]
[White "Bodnaruk, Anastasia"]
[Black "Yakimova, Mariya"]
[Result "1/2-1/2"]
[WhiteElo "2411"]
[BlackElo "2288"]
[Annotator "TA"]
[PlyCount "112"]
[EventDate "2020.01.25"]
[EventType "swiss"]
[EventCountry "RUS"]
[SourceTitle "playchess.com"]
[Source "ChessBase"]
[SourceQuality "1"]

{[%evp 9,112,24,33,26,42,46,30,18,20,12,28,33,28,0,134,141,145,135,142,139,147,133,130,74,185,177,170,175,185,178,164,0,0,0,35,35,38,38,39,47,35,0,0,0,113,94,89,85,97,67,73,29,88,89,89,80,65,0,304,30,30,34,62,0,18,13,25,0,0,0,0,0,0,0,7,0,0,-8,-8,-8,0,-58,-55,-60,-8,-8,-8,-8,-8,-8,-8,-8,-8,-8,0,-8,0,-13,-8,-19,-8,-8,-8,-8,-8]} 1. e4 c5 2. Nc3 Nc6 3. Bb5 Nd4 4. Bc4 d6 (4... a6 5. Nf3 b5 6. Bd5 Rb8 7. Nxd4 cxd4 8. Ne2 Nf6 9. Nxd4 e6 10. Bb3 Nxe4 11. c3 Bb7 12. O-O {½-½ (32) Motylev,A (2703)-Mamedov,R (2679) Tallinn 2019}) 5. Nge2 Nf6 6. d3 {B23: Closed Sicilian: Lines without g3} Nxe2 7. Qxe2 e6 8. O-O {White has an edge.} Be7 9. Bb3 O-O 10. f4 b6 11. g4 $146 ({Predecessor:} 11. Kh1 Bb7 12. f5 d5 13. Bg5 exf5 14. Rxf5 dxe4 15. dxe4 {1-0 (29) Pert,R (2456)-Ledger,S (2150) Hinckley Island 2009}) 11... h6 (11... Ne8 $11 {remains equal.}) 12. g5 $16 hxg5 13. fxg5 Nh7 14. h4 g6 15. Be3 Bb7 16. d4 (16. Rf4 $142) 16... d5 (16... Qc8 $16 {is a better defense.}) 17. exd5 $18 exd5 {next ...c4 is good for Black.} 18. Qf3 Rc8 {With the idea ...c4.} 19. Bxd5 Bxd5 20. Qxd5 $2 (20. Nxd5 $18 cxd4 21. Bxd4) 20... cxd4 $1 $11 21. Qxd4 Bc5 22. Qf4 $1 Bxe3+ 23. Qxe3 Rc4 24. Rf4 Re8 25. Qg3 (25. Qxe8+ $5 Qxe8 26. Rxc4 $14) 25... Qd6 $1 26. Raf1 b5 (26... Re1 $1 $11 27. Qxe1 (27. Rxe1 Rxf4 28. Re3 Qd4 $11) 27... Rxf4) 27. Qf2 {Strongly threatening Rxc4.} Rxf4 28. Qxf4 Qc5+ 29. Rf2 Re1+ 30. Kh2 (30. Kg2 $5 {[%cal Rf4f7]} Qe7 31. Qg4 $16 (31. Nxb5 Qb7+ {[%mdl 64] Double Attack} 32. Qf3 Qxb5 $11)) 30... Re7 (30... Qe7 $1 $11) 31. a3 $16 a6 32. Rd2 Re1 {Threatens to win with ...Qg1+.} 33. Ne2 (33. Rd8+ $14 Nf8 34. Qd4 (34. Qg3 Rc1 $11) 34... Qxd4 35. Rxd4) 33... Qc6 $2 {[%mdl 8192] [#]} (33... Nf8 $11 {and Black has nothing to worry.}) 34. Ng3 $2 ({Not} 34. Kg3 Nf8 $11) ({White has to play} 34. Rd8+ $1 $18 Nf8 {[#]} 35. Rxf8+ $1 {[%mdl 576] Decoy} Kxf8 36. Qb4+ {[%mdl 64] Double Attack} Kg8 37. Qxe1) 34... Nf8 $11 35. Rf2 Qd5 36. Rf1 ({White should play} 36. Qf3 $14 Qxf3 37. Rxf3) 36... Re8 37. b3 Nd7 38. h5 gxh5 39. c4 bxc4 40. bxc4 Qe6 41. Nf5 Qe5 (41... Ne5 {is interesting.} 42. Nh6+ Kh7 43. c5 Nd3 44. Qd4 Qe2+) 42. Nh6+ {[%mdl 64] Discovered Attack} Kg7 43. Kh3 $132 {[%mdl 2048] White is not holding back} Qxf4 44. Rxf4 {[%mdl 4096] Endgame KRN-KRN} Ne5 45. Re4 (45. Rf6 $11) 45... Kg6 $15 46. Kg3 Kxg5 {[#]} (46... a5 $15) 47. Nxf7+ $1 $11 {[%mdl 576] Double Attack. The position is equal.} Kf6 (47... Nxf7 48. Rxe8) 48. Rf4+ Ke6 49. Ng5+ Kd7 50. Rd4+ Kc7 {...Rg8 is the strong threat.} 51. Re4 Kd7 52. Rd4+ Kc7 {Hoping for ...Rg8.} 53. Kh4 Kc6 54. Re4 Ng6+ 55. Kxh5 Rxe4 56. Nxe4 Ne5 {Accuracy: White = 48%, Black = 46%.} 1/2-1/2